| 000 -LEADER | |
|---|---|
| fixed length control field | 00549nam a22001817a 4500 |
| 005 - DATE AND TIME OF LATEST TRANSACTION | |
| control field | 20251204145811.0 |
| 008 - FIXED-LENGTH DATA ELEMENTS--GENERAL INFORMATION | |
| fixed length control field | 240831b |||||||| |||| 00| 0 eng d |
| 020 ## - INTERNATIONAL STANDARD BOOK NUMBER | |
| ISBN | 978-93-5466-476-2 |
| 041 ## - LANGUAGE CODE | |
| Language code of text/sound track or separate title | eng |
| 082 ## - DEWEY DECIMAL CLASSIFICATION NUMBER | |
| Classification number | 611 CHA-H |
| 100 ## - MAIN ENTRY--AUTHOR NAME | |
| Personal name | CHAURASIA B.D |
| 245 ## - TITLE STATEMENT | |
| Title | HUMAN ANATOMY: REGIONAL AND APPLIED DISSECTION AND CLINICAL [ LOWER LIMB ABDOMEN AND PELVIS] VOL-2 |
| 250 ## - EDITION STATEMENT | |
| Edition statement | 9TH ED. 2023 |
| 260 ## - PUBLICATION, DISTRIBUTION, ETC. (IMPRINT) | |
| Place of publication | NEW DELHI |
| Name of publisher | CBS PUBLISHERS & DISTRIBUTORS PVT.LTD |
| 300 ## - PHYSICAL DESCRIPTION | |
| Number of Pages | 532;P |
| 650 ## - SUBJECT ADDED ENTRY--TOPICAL TERM | |
| Topical Term | PARAMEDICAL |
| General subdivision | BMLT/BMIRT |
| 942 ## - ADDED ENTRY ELEMENTS (KOHA) | |
| Koha item type | Books |
| Lost status | Damaged status | Collection code | Home library | Current library | Shelving location | Date acquired | Source of acquisition | Cost, normal purchase price | Full call number | Accession Number | Koha item type | Serial Enumeration / chronology |
|---|---|---|---|---|---|---|---|---|---|---|---|---|
| Bachelor of Medical Laboratory Technology | JRU Library | JRU Library | SHELF-72-A | 30/08/2024 | PURCHASE | 1050.00 | 611 | 28371 | Books | |||
| Bachelor of Medical Laboratory Technology | JRU Library | JRU Library | 30/08/2024 | PURCHASE | 1050.00 | 611 | 28372 | Books | ||||
| Bachelor of Medical Laboratory Technology | JRU Library | JRU Library | SHELF-105-A | 01/12/2025 | PURCHASE | 3240.00 | 611 CHA | 29172 | Books | LBI-000811/28-11-2025 | ||
| Bachelor of Medical Laboratory Technology | JRU Library | JRU Library | SHELF-105-A | 01/12/2025 | PURCHASE | 3240.00 | 611 CHA | 29173 | Books | LBI-000811/28-11-2025 | ||
| Bachelor of Medical Laboratory Technology | JRU Library | JRU Library | SHELF-105-A | 01/12/2025 | PURCHASE | 3240.00 | 611 CHA | 29174 | Books | LBI-000811/28-11-2025 | ||
| Bachelor of Medical Laboratory Technology | JRU Library | JRU Library | SHELF-105-A | 01/12/2025 | PURCHASE | 3240.00 | 611 CHA | 29175 | Books | LBI-000811/28-11-2025 | ||
| Bachelor of Medical Laboratory Technology | JRU Library | JRU Library | SHELF-105-A | 01/12/2025 | PURCHASE | 3240.00 | 611 CHA | 29176 | Books | LBI-000811/28-11-2025 |